[Event "Xtracon Grand Master 2013"]
[Site "Asgaard Skole, Koge"]
[Date "2013.10.20"]
[Round "9.24"]
[White "Olsen, Michael Richard W"]
[Black "Keinicke, Mads"]
[Result "1-0"]
[WhiteElo "1967"]
[BlackElo "1693"]
[PlyCount "95"]
[EventDate "2013.??.??"]
[WhiteTeam "Nørrebro Skakklub"]
[BlackTeam "Nørrebro Skakklub"]

1. e4 e6 2. d4 d5 3. Nd2 c5 4. Ngf3 Nf6 5. e5 Nfd7 6. c3 Nc6 7. Bd3 f6 8. exf6
Qxf6 9. dxc5 Bxc5 10. Nb3 O-O 11. Bg5 Qf7 12. Qc2 g6 13. Bh6 Re8 14. Qd2 Bf8
15. O-O-O e5 16. Bc2 Nf6 17. Bxf8 Qxf8 18. h3 Be6 19. Ng5 Rad8 20. Nxe6 Rxe6
21. Qe3 b6 22. Rd2 Red6 23. Rhd1 Qe7 24. Bd3 Kg7 25. Bb5 Qc7 26. Kb1 Re6 27. g4
Ne7 28. f3 Rdd6 29. h4 Nd7 30. Bf1 Nc5 31. Nc1 a5 32. h5 Rc6 33. hxg6 Rxg6 34.
Ne2 Ne6 35. Ng3 Nf4 36. Rh2 Rh6 37. Nh5+ Nxh5 38. gxh5 Kf8 39. Qg5 Qd6 40. Re1
e4 41. Rh4 Rf6 42. fxe4 dxe4 43. Rhxe4 Rc7 44. Ka1 Rf7 45. h6 Qf6 46. Qe3 Qf3
47. Qd2 Qf6 48. Qd8# 1-0

[Event "Xtracon Grand Master 2013"]
[Site "Asgaard Skole, Koge"]
[Date "2013.10.20"]
[Round "9.31"]
[White "Severinsen, Frank"]
[Black "Nielsen, Jens Holm"]
[Result "0-1"]
[WhiteElo "1100"]
[BlackElo "1844"]
[PlyCount "68"]
[EventDate "2013.??.??"]
[WhiteTeam "Skakklubben K41"]
[BlackTeam "Amager Skakforening"]

1. e4 Nc6 2. d4 d5 3. e5 Bf5 4. Bb5 a6 5. Ba4 f6 6. Nf3 b5 7. Bb3 e6 8. c3 Nge7
9. exf6 gxf6 10. Nh4 Bg6 11. Nxg6 hxg6 12. Qf3 Nf5 13. Bc2 Bd6 14. g3 Qe7 15.
O-O O-O-O 16. Bf4 Rh3 17. Kg2 Nh4+ 18. gxh4 Rxf3 19. Kxf3 Bxf4 20. Kxf4 Qd6+
21. Ke3 Qxh2 22. Nd2 e5 23. Nf3 Qf4+ 24. Ke2 exd4 25. Rae1 Re8+ 26. Kd1 Qxf3+
27. Kc1 Rxe1+ 28. Rxe1 d3 29. Re3 Qxe3+ 30. fxe3 dxc2 31. Kxc2 Ne5 32. Kb3 c5
33. a3 Nc4 34. Kc2 Nxe3+ 0-1